Guess the F1 Teams by the Drivers (2025) - Statistics

General Stats
  • This quiz has been taken 125 times
  • The average score is 8 of 10
Answer Stats
Drivers Team % Correct
George RussellKimi Antonelli Mercedes
99%
Charles Leclerc Lewis Hamilton Ferrari
97%
Lando NorrisOscar Piastri Mclaren
97%
Pierre Gasly Franco Colapinto Alpine
86%
Esteban Ocon Oliver Bearman Haas
86%
Max Verstappen Yuki Tsunoda Red Bull
81%
Alexander AlbonCarlos Sainz Williams
81%
Lance StrollFernando Alonso Aston Martin
74%
Liam LawsonIsack Hadjar Racing Bulls
70%
Gabriel Bortoletto Nico Hulkenberg Kick Sauber
68%
No matching quizzes found
Score Distribution
Percent of People with Each Score
Percentile by Number Answered
Your Score History
You have not taken this quiz